Normal view
MARC view
- Delatte, Norbert J
Entry Personal Name
001 - CONTROL NUMBER
- control field: 43821
003 - CONTROL NUMBER IDENTIFIER
- control field: NUST
005 - DATE AND TIME OF LATEST TRANSACTION
- control field: 20210314132805.0
008 - FIXED-LENGTH DATA ELEMENTS
- fixed length control field: 210314|| aca||aabn | a|a d
040 ## - CATALOGING SOURCE
- Original cataloging agency: NUST
- Transcribing agency: NUST
100 ## - HEADING--PERSONAL NAME
- Personal name: Delatte, Norbert J
670 ## - SOURCE DATA FOUND
- Source citation: Work cat.: (NUST): Delatte, Norbert J., Concrete pavement design, construction, and performance /, 2008.
